000 00855nam a2200253Ia 4500
003 OSt
005 20220930073512.0
006 a|||||r|||| 00| 0
007 ta
008 220926b |||||||| |||| 00| 0 eng d
024 _a34495
037 _cTheses
040 _aCRL
_cCRL
_beng
041 _2eng
_aeng
100 _aJain Sumesh K
_9531679
110 _aUniversity of Delhi. Faculty of Medical Sciences. Department of Medicine
245 0 _aEvaluation of oxidative stress in NIDDM with special reference to effect of low dose omega - 3 fatty acids substitution in diet
260 _c1999
650 _aMEDICINE
700 _a Dr Manorama Gaiha Supervisor
700 _aUniversity of Delhi. Faculty of Medical Sciences. Department of Medicine
942 _cDIS
_2CC
999 _c865106
_d865106